000
00465nam a2200145Ia 4500
008
090124s9999 xx 000 0 und d
082
_b
202224
245
_a
फळांचे टिकाऊ पदार्थ
250
_a
1
260
_b
उद्यम प्रकाशन
_c
1972
300
_a
128
630
_a
फळांचे टिकाऊ पदार्थ
730
_a
फळांचे टिकाऊ पदार्थ
942
_c
BOOK
999
_c
183805
_d
183805